Central Library OPAC University of Rajshahi

Johnson before Boswell : (Record no. 63855)

MARC details
000 -LEADER
fixed length control field 00852nam a2200253 a 4500
001 - CONTROL NUMBER
control field 63855
003 - CONTROL NUMBER IDENTIFIER
rucl marc code BD-RjUL
005 - DATE AND TIME OF LATEST TRANSACTION
control field 20211209081236.0
008 - FIXED-LENGTH DATA ELEMENTS--GENERAL INFORMATION
fixed length control field 170204r19601961ctu b 000 0beng d
035 ## - SYSTEM CONTROL NUMBER
System control number (BD-RjUL)63985
System control number (OCoLC)739445
040 ## - CATALOGING SOURCE
Original cataloging agency DLC
Transcribing agency KSU
Modifying agency m.c
-- OCL
-- BD-RjUL
Language of cataloging eng
041 ## - LANGUAGE CODE
Language code of text/sound track or separate title eng
082 ## - DEWEY DECIMAL CLASSIFICATION NUMBER
Classification number 928.2
Author mark and year DAJ 1961
100 1# - MAIN ENTRY--PERSONAL NAME
Personal name Davis, Bertram H.
Fuller form of name (Bertram Hylton),
Dates associated with a name 1919-2007.
9 (RLIN) 189599
245 10 - TITLE STATEMENT
Title Johnson before Boswell :
Remainder of title a study of Sir John Hawkins' Life of Samuel Johnson /
Statement of responsibility, etc. Bertram H. Davis
260 ## - PUBLICATION, DISTRIBUTION, ETC. (IMPRINT)
Place of publication, distribution, etc. New Haven :
Name of publisher, distributor, etc. Yale University Press,
Date of publication, distribution, etc. 1960 [Printing 1961]
300 ## - PHYSICAL DESCRIPTION
Pagination 222 p. ;
Size 23 cm
504 ## - BIBLIOGRAPHY, ETC. NOTE
Bibliography, etc Includes bibliography
600 10 - SUBJECT ADDED ENTRY--PERSONAL NAME
Personal name Hawkins, John,
Dates associated with a name 1719-1789.
Title of a work Life of Samuel Johnson.
Personal name Johnson, Samuel,
Dates associated with a name 1709-1784.
942 ## - ADDED ENTRY ELEMENTS (KOHA)
Source of classification or shelving scheme Dewey Decimal Classification
Koha item type Books
Holdings
Lost status Source of classification or shelving scheme Damaged status Not for loan Collection code Permanent Location Current Location Shelving location Date acquired Source of acquisition Cost, normal purchase price Total Checkouts Full call number Date last seen Copy number Koha item type
  Dewey Decimal Classification   Not For Loan Non-fiction Central Library, University of Rajshahi Central Library, University of Rajshahi Reading Room 16/10/1965 Blackwell 37.60   928.2 DAJ 1961 04/02/2017 C-1 Books